000 00346nam a22001577a 4500
005 20160614120005.0
008 160614b xxu||||| |||| 00| 0 eng d
041 _aeng
082 _b7396
100 _aPease, Allan
_91874
245 _aBody language
260 _bSudha Publication
300 _a149
650 _aManagement
_9241
942 _cBK
999 _c2635
_d2634